000 00648nam a22001935i 4500
001 48665
003 ES-MaACL
005 20230906161809.0
007 t|
008 950728s1867 sp ||||1| spa d
040 _aCAM
_bspa
_cCAM
100 1 _aDíaz de Lamarque, Antonia.
_944237
245 1 0 _aPoesías de la señora Dª Antonia Diaz de Lamarque /
_c[precedidas de un prólogo de José Fernández Espino].
260 _aSevilla :
_b[s.n.],
_c1867 (
_fImp. Manuel P. Salvador)
300 _aLXVII, 312 , [4] p., [1] h. de lám. ;
_c21 cm.
505 8 _aEs el tomo 1
700 1 _aFernández Espino, José.
_949764
852 _aES-MaACL
_jG-7917
999 _c48665
_d48665